书目信息 |
| 题名: |
新编经典隶书鉴赏
|
|
| 作者: | 李代广 主编 | |
| 分册: | ||
| 出版信息: | 北京 北京工业大学出版社 2021.1 |
|
| 页数: | 63, 634页 | |
| 开本: | 22cm | |
| 丛书名: | ||
| 单 册: | ||
| 中图分类: | J292.113.2 | |
| 科图分类: | ||
| 主题词: | 隶书--法书--鉴赏--中国 | |
| 电子资源: | ||
| ISBN: | 978-7-5639-2934-4 | |
| 000 | 00854nam0 2200265 45 | |
| 001 | 012001000714 | |
| 005 | 20130909133458.0 | |
| 010 | @a978-7-5639-2934-4@b精装@dCNY65.00 | |
| 099 | @aCAL 012012015603 | |
| 100 | @a20120120d2012 em y0chiy0110 ea | |
| 101 | 0 | @achi |
| 102 | @aCN@b110000 | |
| 105 | @ay z 000yy | |
| 106 | @ar | |
| 200 | 1 | @a新编经典隶书鉴赏@Axin bian jing dian li shu jian shang@f李代广主编 |
| 210 | @a北京@c北京工业大学出版社@d2021.1 | |
| 215 | @a63, 634页@d22cm | |
| 300 | @a其他题名:经典隶书鉴赏 | |
| 330 | @a本书所汇隶书书法字体系从历代名家墨迹、名碑、名帖中精选出来的范字, 收三千余字头, 一万四千余示范字。 | |
| 517 | 1 | @a经典隶书鉴赏 |
| 606 | 0 | @a隶书@x法书@x鉴赏@y中国 |
| 690 | @aJ292.113.2@v5 | |
| 701 | 0 | @a李代广@Ali dai guang@4主编 |
| 801 | @aCN@b江苏凤凰@c20211018 | |
| 905 | @b1340744-7@dJ292.113.2@e673@f4 | |
| 新编经典隶书鉴赏/李代广主编.-北京:北京工业大学出版社,2021.1 |
| 63, 634页;22cm |
| 其他题名:经典隶书鉴赏 |
| ISBN 978-7-5639-2934-4(精装):CNY65.00 |
| 本书所汇隶书书法字体系从历代名家墨迹、名碑、名帖中精选出来的范字, 收三千余字头, 一万四千余示范字。 |
| ● |
| 相关链接 |
|
|
|
|
正题名:新编经典隶书鉴赏
索取号:J292.113.2/673
 
预约/预借
| 序号 | 登录号 | 条形码 | 馆藏地/架位号 | 状态 | 备注 |
| 1 | 1340744 | 213407446 | 第一样本阅览室/ [索取号:J292.113.2/673] | 在馆 | |
| 2 | 1340745 | 213407455 | 第一借阅区/ [索取号:J292.113.2/673] | 在馆 | |
| 3 | 1340746 | 213407464 | 第一借阅区/ [索取号:J292.113.2/673] | 在馆 | |
| 4 | 1340747 | 213407473 | 第一借阅区/ [索取号:J292.113.2/673] | 在馆 |